Normal view
MARC view
- Abdul Aziz Ishak,
Entry Personal Name
001 - CONTROL NUMBER
- control field: 7955
003 - CONTROL NUMBER IDENTIFIER
- control field: OSt
005 - DATE AND TIME OF LATEST TRANSACTION
- control field: 20170525090958.0
008 - FIXED-LENGTH DATA ELEMENTS
- fixed length control field: 170525|| aca||aabn | a|a d
040 ## - CATALOGING SOURCE
- Original cataloging agency: OSt
- Transcribing agency: OSt
100 ## - HEADING--PERSONAL NAME
- Personal name: Abdul Aziz Ishak,
- Dates associated with a name: 1914-
670 ## - SOURCE DATA FOUND
- Source citation: Work cat.: (OSt)0: Abdul Aziz Ishak, 1914-, Tamu istimewa :, 1981?

PORTAL AKMAL
E-MEL JKDM
AKMAL2U
G-BAM
u-PUSTAKA